000 01113nam a2200313 i 4500
001 184891
003 SpMaBN
005 20250826035941.0
008 160216s2013 sp |||| | spa d
020 _a978-84-15911-31-9
080 _a349.2(460):331.102.1
100 1 _aSempere Navarro, Antonio Vicente.
_9105409
245 1 0 _aTeletrabajo /
_c[Antonio V. Sempere Navarro, Djamil Tony Kahale Carrillo].
250 _aAct. a 22 de nov. de 2013.
260 _aMadrid :
_bFrancis Lefebvre,
_c2013.
300 _a180 p. ;
_c22 cm.
490 1 _aClaves prácticas
500 _aÍndice.
504 _aBibliografía: p. 169-171.
596 _aEn contracub.: Lefebvre-El Derecho.
650 0 7 _aTeletrabajo.
_917436
700 1 _aKahale Carrillo, Djamil Tony.
_9158769
710 2 _aEdiciones Francis Lefebvre.
_9158696
710 2 _aEl Derecho (Editorial)
_9158682
830 0 0 _aClaves prácticas Francis Lefebvre
_9192249
852 _aES-MaACL
_jA-15280
_9 191907
_bR.151097
_cDEPO1
_dOlim: L 349.2 SEM tel
_dOlim: Meseton
_hDonación: Editorial
942 _2udc
999 _c184891
_d184891